[Event "New Zealand Major Open 2016"]
[Site "Devonport, Auckland NZL"]
[Date "2016.01.08"]
[Round "7.1"]
[White "Goh, Sean Christian"]
[Black "Fuatai, Fuatai"]
[Result "1/2-1/2"]
[WhiteElo "1739"]
[BlackElo "1971"]
[PlyCount "44"]
[EventDate "2016.01.02"]

1. d4 d5 2. Nf3 Nf6 3. e3 g6 4. Be2 Bg7 5. b3 O-O 6. Bb2 Bg4 7. h3 Bf5 8. g4
Bc8 9. g5 Nfd7 10. h4 Nc6 11. h5 e5 12. Rg1 a6 13. Nc3 Nb6 14. dxe5 Nxe5 15.
Nxe5 Bxe5 16. f4 Bg7 17. Na4 Nxa4 18. Bxg7 Kxg7 19. Qd4+ Kg8 20. hxg6 fxg6 21.
bxa4 Be6 22. Rh1 Qe7 1/2-1/2

[Event "New Zealand Major Open 2016"]
[Site "Devonport, Auckland NZL"]
[Date "2016.01.08"]
[Round "7.2"]
[White "Post, Martin J"]
[Black "Wells, Clinton A"]
[Result "1/2-1/2"]
[WhiteElo "1883"]
[BlackElo "1931"]
[PlyCount "56"]
[EventDate "2016.01.02"]

1. Nf3 Nf6 2. c4 g6 3. Nc3 Bg7 4. d4 d6 5. Bf4 c6 6. h3 a6 7. a4 a5 8. e4 Nfd7
9. Be3 Na6 10. Bd3 O-O 11. O-O Re8 12. Bc2 e5 13. Qd2 Nb4 14. Bb3 exd4 15. Bxd4
Ne5 16. Nxe5 dxe5 17. Be3 Qxd2 18. Bxd2 Nd3 19. Rab1 Nc5 20. Bc2 Ne6 21. Ne2
Nd4 22. Nxd4 exd4 23. Bd3 c5 24. Bf4 Be5 25. Bxe5 Rxe5 26. f4 Re8 27. Kh2 Bd7
28. b3 Re7 1/2-1/2

[Event "New Zealand Major Open 2016"]
[Site "Devonport, Auckland NZL"]
[Date "2016.01.08"]
[Round "7.3"]
[White "Kumar, Vinod"]
[Black "Eade, Don"]
[Result "1-0"]
[WhiteElo "1939"]
[BlackElo "1874"]
[PlyCount "57"]
[EventDate "2016.01.02"]

1. d4 Nf6 2. c4 e6 3. Nf3 c5 4. e3 b6 5. Nc3 cxd4 6. exd4 Bb4 7. Bg5 h6 8. Bh4
Bb7 9. Rc1 O-O 10. Bd3 Be7 11. O-O d5 12. cxd5 Nxd5 13. Bg3 Nc6 14. Re1 Bf6 15.
Nxd5 exd5 16. Bf5 g6 17. Bb1 b5 18. h4 h5 19. Qd3 Qb6 20. Ne5 Bxe5 21. Bxe5
Rac8 22. Bf6 Nd8 23. Qf3 Rxc1 24. Rxc1 Ne6 25. Qe3 Kh7 26. f4 Bc8 27. Qe5 Kh6
28. f5 Nd8 29. Bg7+ 1-0

[Event "New Zealand Major Open 2016"]
[Site "Devonport, Auckland NZL"]
[Date "2016.01.08"]
[Round "7.4"]
[White "Aldridge, Alan L"]
[Black "Krstev, Antonio"]
[Result "0-1"]
[WhiteElo "1865"]
[BlackElo "2046"]
[PlyCount "52"]
[EventDate "2016.01.02"]

1. d4 Nf6 2. c4 c5 3. d5 e6 4. Nc3 exd5 5. cxd5 d6 6. e4 g6 7. Bb5+ Nfd7 8. f4
a6 9. Bxd7+ Nxd7 10. a4 Bg7 11. Nf3 O-O 12. O-O Re8 13. Re1 Rb8 14. a5 b5 15.
axb6 Qxb6 16. Kh1 Qb3 17. Qxb3 Rxb3 18. Nd2 Bxc3 19. bxc3 Rxc3 20. Rb1 f5 21.
Bb2 Rc2 22. Re2 c4 23. e5 c3 24. e6 Nf6 25. Bxc3 Rxc3 26. g3 Nxd5 0-1

[Event "New Zealand Major Open 2016"]
[Site "Devonport, Auckland NZL"]
[Date "2016.01.08"]
[Round "7.5"]
[White "Rains, Timothy"]
[Black "Picken, Oliver"]
[Result "1-0"]
[WhiteElo "1819"]
[BlackElo "1480"]
[PlyCount "31"]
[EventDate "2016.01.02"]

1. d4 Nf6 2. c4 g6 3. Nc3 Bg7 4. e4 d6 5. Be2 O-O 6. Be3 e5 7. d5 Nfd7 8. g4 a5
9. h4 f5 10. gxf5 gxf5 11. exf5 Rxf5 12. Bg4 Rf8 13. Be6+ Kh8 14. Ne4 h6 15.
Qc2 Nb6 16. Ng5 1-0

[Event "New Zealand Major Open 2016"]
[Site "Devonport, Auckland NZL"]
[Date "2016.01.08"]
[Round "7.6"]
[White "Calitz, Hananke"]
[Black "Bryan, Jason"]
[Result "0-1"]
[WhiteElo "1612"]
[BlackElo "1833"]
[PlyCount "100"]
[EventDate "2016.01.02"]

1. d4 d5 2. Nf3 Nf6 3. e3 Bf5 4. c3 e6 5. Bd3 Bxd3 6. Qxd3 Nbd7 7. Nbd2 c5 8.
O-O Qc7 9. e4 dxe4 10. Nxe4 h6 11. Be3 c4 12. Qc2 Nxe4 13. Qxe4 Nf6 14. Qc2 Bd6
15. h3 a6 16. Rfe1 O-O 17. Ne5 b5 18. f4 Qb7 19. g4 Nd7 20. Qg2 Qxg2+ 21. Kxg2
Nb6 22. h4 Rfc8 23. g5 h5 24. Kh3 Bxe5 25. fxe5 g6 26. Bd2 Nd5 27. Rec1 Kf8 28.
Kg3 Rc7 29. Kf3 a5 30. b3 Ke8 31. Rab1 b4 32. Rb2 cxb3 33. axb3 bxc3 34. Bxc3
Rxc3+ 35. Rxc3 Nxc3 36. Rc2 Rc8 37. Ke3 Nd5+ 38. Kd2 Rxc2+ 39. Kxc2 Ne3+ 40.
Kc3 Ng2 41. Kc4 Nxh4 42. Kb5 Kd8 43. Kxa5 Kc8 44. Kb6 Kb8 45. Kc6 Nf5 46. Kd7
h4 47. Ke8 h3 48. Kxf7 h2 49. Kxg6 h1=Q 50. Kf6 Qd5 0-1

[Event "New Zealand Major Open 2016"]
[Site "Devonport, Auckland NZL"]
[Date "2016.01.08"]
[Round "7.7"]
[White "Lyall, Simon"]
[Black "Cooper, Nigel"]
[Result "1-0"]
[WhiteElo "1811"]
[BlackElo "1692"]
[PlyCount "43"]
[EventDate "2016.01.02"]

1. e4 e5 2. Nf3 Nc6 3. d4 exd4 4. Nxd4 Qh4 5. Nc3 Bb4 6. Be2 Qxe4 7. Ndb5 Ba5
8. O-O Bxc3 9. Bf3 Qe5 10. Nxc3 Nge7 11. Re1 Qc5 12. Nd5 Kd8 13. Be3 Qb5 14.
Nxc7 Kxc7 15. Bf4+ Kd8 16. Qd6 Qb6 17. Bxc6 Nxc6 18. a4 a5 19. c4 Re8 20. Rxe8+
Kxe8 21. Re1+ Kd8 22. Qf8# 1-0

[Event "New Zealand Major Open 2016"]
[Site "Devonport, Auckland NZL"]
[Date "2016.01.08"]
[Round "7.8"]
[White "Goh, Ethan"]
[Black "Booth, Anthony J"]
[Result "1-0"]
[WhiteElo "1668"]
[BlackElo "1766"]
[PlyCount "141"]
[EventDate "2016.01.02"]

1. e4 c5 2. Nf3 d6 3. Bb5+ Bd7 4. Bxd7+ Qxd7 5. O-O g6 6. Re1 Nc6 7. Nc3 Bg7 8.
d3 Nf6 9. h3 O-O 10. Bf4 Nh5 11. Be3 Nd4 12. Bxd4 cxd4 13. Ne2 e5 14. c3 dxc3
15. Nxc3 Nf6 16. Qb3 Rac8 17. Rad1 Rc6 18. Nd5 Rfc8 19. Nd2 Nxd5 20. Qxd5 Rc5
21. Qb3 b5 22. Nb1 a5 23. Nc3 b4 24. Na4 Rb5 25. Rc1 Rxc1 26. Rxc1 Bh6 27. Rc4
Bf8 28. Qc2 Rb7 29. b3 Kg7 30. d4 exd4 31. Rxd4 Qc7 32. Rc4 Qd7 33. Qd2 Qe6 34.
Nb2 Kg8 35. Qd5 Qxd5 36. exd5 Be7 37. Nd1 Bf6 38. Ne3 Bg5 39. f4 Bf6 40. Rc6
Be7 41. Kf2 Rd7 42. Ra6 Bd8 43. Nc4 Bc7 44. Ke3 Kf8 45. Nxa5 Bxa5 46. Rxa5 Rc7
47. Kd2 Rc3 48. Rb5 Rg3 49. Rxb4 Rxg2+ 50. Kd3 Rxa2 51. Rb8+ Ke7 52. Rh8 h5 53.
f5 Rh2 54. fxg6 Rxh3+ 55. Kc4 Rh4+ 56. Kb5 fxg6 57. Rh7+ Kf6 58. Kc6 Rb4 59.
Kxd6 Rxb3 60. Rh8 Rb6+ 61. Kc7 Ra6 62. d6 Ra7+ 63. Kc6 Ra6+ 64. Kc7 Ra7+ 65.
Kb6 Rf7 66. Kc6 Kg7 67. Re8 Rf6 68. Kc7 Rf7+ 69. Re7 Kf8 70. Rxf7+ Kxf7 71. d7
1-0

[Event "New Zealand Major Open 2016"]
[Site "Devonport, Auckland NZL"]
[Date "2016.01.08"]
[Round "7.9"]
[White "Charles, Dion"]
[Black "Michael, Andrew"]
[Result "1-0"]
[WhiteElo "1629"]
[BlackElo "1741"]
[PlyCount "37"]
[EventDate "2016.01.02"]

1. e4 c5 2. Nf3 d6 3. d4 cxd4 4. Nxd4 Nf6 5. Nc3 g6 6. f4 Bg7 7. e5 dxe5 8.
fxe5 Ng4 9. Bb5+ Kf8 10. Ne6+ fxe6 11. Qxd8+ Kf7 12. O-O+ Nf6 13. Qd3 a6 14.
Ba4 b5 15. Bb3 Nc6 16. exf6 Bxf6 17. Qf3 Bd7 18. Bg5 Nd4 19. Qd3 1-0

[Event "New Zealand Major Open 2016"]
[Site "Devonport, Auckland NZL"]
[Date "2016.01.08"]
[Round "7.10"]
[White "Pakenham, John"]
[Black "Mallela, Raivath"]
[Result "1-0"]
[WhiteElo "1733"]
[BlackElo "1265"]
[PlyCount "81"]
[EventDate "2016.01.02"]

1. f4 d5 2. Nf3 Nf6 3. e3 e6 4. b3 Bc5 5. Bb2 Nbd7 6. c4 c6 7. Nc3 O-O 8. Qc2
dxc4 9. Bxc4 Nb6 10. Be2 Qe7 11. O-O Nbd5 12. Kh1 Nb4 13. Qb1 Rd8 14. a3 Nbd5
15. g3 Nxc3 16. Bxc3 Ne4 17. Qxe4 Bxa3 18. b4 f5 19. Qc4 b5 20. Qb3 Bxb4 21.
Qxb4 Qxb4 22. Bxb4 Bb7 23. d4 Rd7 24. Kg1 a6 25. Ne5 Rd5 26. Bf3 Rdd8 27. Nxc6
Bxc6 28. Bxc6 Rac8 29. Bb7 Rc4 30. Bc5 Rc3 31. Kf2 Rc2+ 32. Kf3 Rxh2 33. Bxa6
Rb2 34. Rfb1 Rh2 35. Bxb5 Rd2 36. Bc4 Kf7 37. Rb7+ Kg8 38. Raa7 Kh8 39. Rxg7
Re8 40. Rxh7+ Kg8 41. Rag7# 1-0

[Event "New Zealand Major Open 2016"]
[Site "Devonport, Auckland NZL"]
[Date "2016.01.08"]
[Round "7.11"]
[White "Meng, Richard"]
[Black "George, Sandeep"]
[Result "0-1"]
[WhiteElo "1525"]
[BlackElo "1710"]
[PlyCount "126"]
[EventDate "2016.01.02"]

1. c4 c5 2. Nf3 Nf6 3. Nc3 e6 4. g3 Nc6 5. Bg2 Be7 6. O-O d5 7. d3 O-O 8. a3
Re8 9. Qc2 Nd4 10. Nxd4 cxd4 11. Nb5 a6 12. Nxd4 dxc4 13. Qxc4 Rb8 14. Bf4 Bd6
15. Bxd6 Qxd6 16. Rac1 Bd7 17. Qc5 Qxc5 18. Rxc5 e5 19. Nf3 e4 20. dxe4 Nxe4
21. Ne5 Nxc5 22. Nxd7 Nxd7 23. e3 Nf6 24. Rc1 Re7 25. Kf1 g6 26. Ke2 Kg7 27.
Kf3 Rd7 28. Ke2 Rbd8 29. Rc2 b5 30. h3 Nd5 31. Bf3 b4 32. Bxd5 Rxd5 33. axb4
Rb5 34. Rc4 Rdb8 35. Rc6 R8b6 36. Rc2 Rxb4 37. Kf3 Rxb2 38. Rc5 R2b5 39. Rc4 a5
40. Ra4 Ra6 41. Ke2 Rb4 42. Ra3 a4 43. Kd2 Rb3 44. Ra2 a3 45. Kc1 Rb2 46. Rxb2
axb2+ 47. Kxb2 Rc6 48. e4 Kf6 49. f4 h5 50. e5+ Kf5 51. Kb3 h4 52. g4+ Kxf4 53.
Kb4 Kxe5 54. Kb5 Rc1 55. Kb6 f5 56. gxf5 gxf5 57. Ka7 f4 58. Kb7 f3 59. Kb6 f2
60. Ka7 f1=R 61. Kb8 Rf2 62. Ka7 Rb2 63. Ka8 Ra1# 0-1

[Event "New Zealand Major Open 2016"]
[Site "Devonport, Auckland NZL"]
[Date "2016.01.08"]
[Round "7.12"]
[White "Sharma, Akshay"]
[Black "Mukkattu, Philip"]
[Result "1/2-1/2"]
[WhiteElo "1361"]
[BlackElo "1733"]
[PlyCount "116"]
[EventDate "2016.01.02"]

1. e4 c6 2. Nc3 d5 3. Qf3 d4 4. Bc4 e6 5. Nce2 Nd7 6. Qg3 b5 7. Bb3 c5 8. c3 c4
9. Bd1 d3 10. Nd4 Qb6 11. a4 b4 12. b3 bxc3 13. dxc3 Ngf6 14. Qe3 Bb7 15. f3
cxb3 16. Bxb3 Nc5 17. Bc4 Ba6 18. a5 Qb7 19. Bxa6 Qxa6 20. Nh3 e5 21. Nf5 g6
22. Ng3 Nb3 23. Rb1 Nxc1 24. Rxc1 Rd8 25. Rd1 Qxa5 26. Rxd3 Qa1+ 27. Kf2 Qa2+
28. Ne2 Rxd3 29. Qxd3 Bc5+ 30. Kg3 Nh5+ 31. Kh4 Be7+ 32. Ng5 Bxg5+ 33. Kxg5 f6+
34. Kh4 O-O 35. Qd5+ Qxd5 36. exd5 Ng7 37. Ra1 Nf5+ 38. Kh3 Ne3 39. Rxa7 Nxd5
40. c4 Nb4 41. Nc3 Rc8 42. Ne4 Rc6 43. g4 Nc2 44. Rb7 f5 45. gxf5 gxf5 46. Ng5
Rh6+ 47. Kg3 Rg6 48. Kh4 h6 49. Nf7 e4 50. Kh5 Rg2 51. Nxh6+ Kf8 52. fxe4 fxe4
53. Ng4 e3 54. Nxe3 Rxh2+ 55. Kg5 Nxe3 56. c5 Rc2 57. Kf6 Rf2+ 58. Ke6 Rc2
1/2-1/2

[Event "New Zealand Major Open 2016"]
[Site "Devonport, Auckland NZL"]
[Date "2016.01.08"]
[Round "7.13"]
[White "Chandraveer, Singh Chauhan"]
[Black "Yan, Sarah"]
[Result "0-1"]
[WhiteElo "1750"]
[BlackElo "1362"]
[PlyCount "60"]
[EventDate "2016.01.02"]

1. e4 e6 2. d4 d5 3. Nc3 Nf6 4. Bg5 Be7 5. e5 Nfd7 6. Be3 c5 7. Qg4 Rg8 8. Nf3
a6 9. Bd3 g6 10. Bh6 Nc6 11. Ne2 Qb6 12. b3 cxd4 13. O-O Bc5 14. Qf4 Qc7 15.
Rfe1 Bb4 16. Rf1 Ndxe5 17. Rad1 Bd6 18. Ng5 Nxd3 19. Qxf7+ Qxf7 20. Nxf7 Kxf7
21. Rxd3 e5 22. Rfd1 Bf5 23. R3d2 Rad8 24. f4 Bb4 25. c3 Bxc3 26. Nxc3 dxc3 27.
Rxd5 c2 28. Rxd8 Rxd8 29. Rxd8 c1=Q+ 30. Kf2 Nxd8 0-1

[Event "New Zealand Major Open 2016"]
[Site "Devonport, Auckland NZL"]
[Date "2016.01.08"]
[Round "7.14"]
[White "Jacobs, Hilton J"]
[Black "Zhang, Toby"]
[Result "1-0"]
[WhiteElo "1704"]
[BlackElo "937"]
[PlyCount "72"]
[EventDate "2016.01.02"]

1. e4 c5 2. Nf3 e6 3. d4 cxd4 4. Nxd4 a6 5. Bd3 Qc7 6. O-O b5 7. b3 Bb7 8. Bb2
d6 9. Nd2 Ne7 10. Qh5 g6 11. Qg4 e5 12. N4f3 Bg7 13. c4 b4 14. a3 Nbc6 15. h4
Bc8 16. Qg3 f5 17. exf5 Nxf5 18. Bxf5 Bxf5 19. Rfe1 O-O 20. h5 Qf7 21. Ng5 Qf6
22. Nde4 Bxe4 23. Nxe4 Qe6 24. Rad1 Rad8 25. hxg6 hxg6 26. Rd5 Rf7 27. Ng5 Qf6
28. Nxf7 Qxf7 29. Re4 Bh6 30. c5 Qxd5 31. Qxg6+ Bg7 32. Rh4 Qf7 33. Qh7+ Kf8
34. Rh3 Qg8 35. Rf3+ Ke7 36. Qe4 Kd7 {and White won after another 14 or so
nonsense moves,} 1-0

[Event "New Zealand Major Open 2016"]
[Site "Devonport, Auckland NZL"]
[Date "2016.01.08"]
[Round "7.15"]
[White "Braganza, Nadia"]
[Black "Song, Kate"]
[Result "0-1"]
[WhiteElo "1129"]
[BlackElo "1587"]
[PlyCount "68"]
[EventDate "2016.01.02"]

1. e4 e6 2. d4 d5 3. Nd2 Nf6 4. e5 Nfd7 5. Ngf3 c5 6. c3 Nc6 7. Bb5 Qb6 8. Bxc6
bxc6 9. O-O Be7 10. a3 a5 11. Qe2 Ba6 12. c4 cxd4 13. b3 O-O 14. Re1 c5 15. Qd1
Qc6 16. Bb2 Nb6 17. Qc2 Rfd8 18. Rac1 h6 19. h3 Qd7 20. a4 dxc4 21. Nxc4 Nxc4
22. bxc4 Rab8 23. Nd2 Rb4 24. Ba3 Rxa4 25. Ra1 Rb8 26. Rec1 Qc6 27. Qe4 Qxe4
28. Nxe4 Bxc4 29. Nxc5 Bxc5 30. Bxc5 Rxa1 31. Rxa1 d3 32. Ra2 Bxa2 33. Bd6 Rb1+
34. Kh2 d2 0-1

[Event "New Zealand Major Open 2016"]
[Site "Devonport, Auckland NZL"]
[Date "2016.01.08"]
[Round "7.16"]
[White "Gallage K G, Roshan"]
[Black "Blackmore, Matthew"]
[Result "1-0"]
[WhiteElo "1800"]
[BlackElo "1279"]
[PlyCount "72"]
[EventDate "2016.01.02"]

1. e4 e5 2. Nf3 Nc6 3. Bb5 d6 4. h3 Bd7 5. c3 Nf6 6. d3 h6 7. O-O Be7 8. Be3
O-O 9. Nbd2 Nh7 10. Re1 Kh8 11. Nf1 a6 12. Ba4 b5 13. Bc2 f5 14. exf5 Bxf5 15.
Ng3 Bg6 16. Qd2 Rxf3 17. gxf3 Bg5 18. Kg2 Qf6 19. Rg1 Rf8 20. Qe2 d5 21. Bc5
Re8 22. Rae1 Bf4 23. d4 Ng5 24. Bxg6 Qxg6 25. b4 Ne6 26. Rh1 Nxc5 27. dxc5 Ne7
28. Reg1 Nf5 29. Rh2 e4 30. fxe4 dxe4 31. Qh5 Qc6 32. Qxf5 Bd2 33. Kf1 e3 34.
f3 Re6 35. Ke2 Rf6 36. Qe4 Qd6 1-0

[Event "New Zealand Major Open 2016"]
[Site "Devonport, Auckland NZL"]
[Date "2016.01.08"]
[Round "7.17"]
[White "Qin, Oscar Shu Xuan"]
[Black "Wang, Aaron Ziwen"]
[Result "0-1"]
[WhiteElo "1435"]
[BlackElo "1597"]
[PlyCount "88"]
[EventDate "2016.01.02"]

1. e4 c5 2. Nc3 Nc6 3. f4 g6 4. Nf3 Bg7 5. Bc4 d6 6. O-O Nf6 7. d3 a6 8. Ng5 e6
9. a3 d5 10. exd5 exd5 11. Ba2 O-O 12. Qf3 Nd4 13. Qf2 Re8 14. Nf3 Ng4 15. Qd2
Nxf3+ 16. Rxf3 Bd4+ 17. Kh1 Be3 18. Qe1 Bf2 19. Qd2 Re1+ 20. Qxe1 Bxe1 21. Nxd5
Qh4 22. h3 Nf2+ 23. Kh2 Nxh3 24. gxh3 Bxh3 25. Rxh3 Qf2+ 26. Kh1 Qf1+ 27. Kh2
Bf2 28. Rg3 Bxg3+ 29. Kxg3 Qg1+ 30. Kf3 h5 31. Rb1 Qg4+ 32. Kf2 Kg7 33. Be3
Qh4+ 34. Kg2 Qg4+ 35. Kf2 h4 36. Rg1 Qh3 37. Bxc5 Rc8 38. b4 b6 39. Nxb6 Qh2+
40. Kf3 Rxc5 41. bxc5 Qxg1 42. Na4 h3 43. Bd5 Qg2+ 44. Ke3 Qxd5 0-1

[Event "New Zealand Major Open 2016"]
[Site "Devonport, Auckland NZL"]
[Date "2016.01.08"]
[Round "7.18"]
[White "Hooton, Barry R"]
[Black "Zhang, Jennifer"]
[Result "1-0"]
[WhiteElo "1593"]
[BlackElo "1356"]
[PlyCount "89"]
[EventDate "2016.01.02"]

1. d4 d5 2. c4 Nf6 3. Nc3 c6 4. Nf3 Bf5 5. Bf4 e6 6. a3 Nbd7 7. e3 Be7 8. cxd5
exd5 9. Bd3 Ne4 10. Qc2 Ndf6 11. O-O O-O 12. Nh4 Nxc3 13. Nxf5 Nce4 14. Nxe7+
Qxe7 15. Rae1 h6 16. f3 Ng5 17. Bxg5 hxg5 18. e4 Qd7 19. Qd2 dxe4 20. Bxe4 g4
21. fxg4 Qxg4 22. Bf5 Qh4 23. Rf3 Rad8 24. Rf4 Qg5 25. Qf2 Nh5 26. Rg4 Qf6 27.
Rf1 Rd5 28. Qc2 Rxd4 29. Bh7+ Kh8 30. Rxf6 Nxf6 31. Rxd4 Nxh7 32. Rh4 g6 33.
Qd2 Kg7 34. Qh6+ Kf6 35. Qxh7 Rd8 36. Rf4+ Ke5 37. Rxf7 Rd1+ 38. Rf1 Rxf1+ 39.
Kxf1 Kd4 40. Qxb7 Kd3 41. Qb3+ Kd2 42. Qc3+ Kd1 43. Kf2 g5 44. Ke3 g4 45. Qd2#
1-0

[Event "New Zealand Major Open 2016"]
[Site "Devonport, Auckland NZL"]
[Date "2016.01.08"]
[Round "7.19"]
[White "Barry, Jacob"]
[Black "Tan, Teck Woon"]
[Result "0-1"]
[WhiteElo "911"]
[BlackElo "1505"]
[PlyCount "56"]
[EventDate "2016.01.02"]

1. e4 e6 2. d4 d5 3. exd5 exd5 4. Nc3 Nf6 5. Bg5 Be7 6. g3 h6 7. Bxf6 Bxf6 8.
Bg2 Be6 9. Nge2 c6 10. O-O O-O 11. Nf4 Bf5 12. Nh5 Be7 13. Qf3 Bxc2 14. Qg4 g6
15. f4 Bf5 16. Qf3 Qd7 17. g4 Bxg4 18. Nxd5 cxd5 19. Qxd5 Qxd5 20. Bxd5 Nc6 21.
Ng3 Rad8 22. Bxc6 bxc6 23. f5 Rxd4 24. fxg6 fxg6 25. Rxf8+ Bxf8 26. Re1 Bc5 27.
Kg2 Rd2+ 28. Kf1 Bh3# 0-1

[Event "New Zealand Major Open 2016"]
[Site "Devonport, Auckland NZL"]
[Date "2016.01.08"]
[Round "7.20"]
[White "Li, Rodney Xiang Rei"]
[Black "Goh, Julien"]
[Result "1/2-1/2"]
[WhiteElo "1479"]
[BlackElo "1170"]
[PlyCount "92"]
[EventDate "2016.01.02"]

1. e4 c5 2. Nf3 e6 3. d4 cxd4 4. Nxd4 Nc6 5. Nc3 Qc7 6. Ndb5 Qb8 7. f4 a6 8.
Na3 b5 9. Ne2 Nf6 10. e5 Ne4 11. Be3 d5 12. exd6 Nxd6 13. Bc5 b4 14. Nb1 Be7
15. Qd3 Qb5 16. Qxb5 Nxb5 17. Bxe7 Kxe7 18. c3 bxc3 19. Nbxc3 Nbd4 20. Nxd4
Nxd4 21. O-O-O Nb5 22. Bxb5 axb5 23. Nxb5 Rxa2 24. Na3 Ra1+ 25. Kc2 Rxd1 26.
Rxd1 Bd7 27. Rd4 Rc8+ 28. Rc4 Rxc4+ 29. Nxc4 Kf6 30. g3 Kf5 31. Nd6+ Kg4 32.
Nxf7 Kh3 33. Ne5 Ba4+ 34. Kd3 Kxh2 35. g4 Kg3 36. Ke3 Bb3 37. f5 exf5 38. gxf5
h5 39. Nd3 h4 40. Nf2 h3 41. Ne4+ Kg2 42. Kf4 h2 43. Ng3 h1=Q 44. Nxh1 Kxh1 45.
Kg5 Kg2 46. Kg6 Bc2 1/2-1/2

[Event "New Zealand Major Open 2016"]
[Site "Devonport, Auckland NZL"]
[Date "2016.01.08"]
[Round "7.21"]
[White "Li, Leo Xiang Yu"]
[Black "Steadman, Mathew"]
[Result "1/2-1/2"]
[WhiteElo "1222"]
[BlackElo "1473"]
[PlyCount "169"]
[EventDate "2016.01.02"]

1. e4 d6 2. d4 Nf6 3. Nc3 Nbd7 4. Nf3 e5 5. dxe5 dxe5 6. Bc4 h6 7. Be3 c6 8.
O-O Qc7 9. Qd2 Be7 10. h3 Nf8 11. Rad1 g5 12. Rfe1 Ng6 13. h4 Ng4 14. h5 Nxe3
15. fxe3 Nf8 16. Qf2 Ne6 17. Rf1 f6 18. Nh2 Ng7 19. Qf3 Bd7 20. g4 O-O-O 21.
Ne2 Rhf8 22. Ng3 Kb8 23. Nf5 Nxf5 24. exf5 Bc5 25. Kg2 Be8 26. e4 Bf7 27. Bxf7
Qxf7 28. b3 Rd7 29. Rd3 Rfd8 30. Rfd1 Qe7 31. Qe2 Rd6 32. Qd2 R8d7 33. b4 Rxd3
34. cxd3 Bxb4 35. Qb2 Bc5 36. a4 Qd6 37. Qb3 Qe7 38. Qg8+ Rd8 39. Qe6 Qxe6 40.
fxe6 Re8 41. Rf1 Rxe6 42. Nf3 Be7 43. Nd2 Rd6 44. Rf3 Rd4 45. Nc4 Kc7 46. Kf2
a6 47. a5 Bc5 48. Ke2 Be7 49. Ne3 Rd7 50. Nf5 Bf8 51. Nxh6 Bxh6 52. Rxf6 Bg7
53. Rg6 b5 54. axb6+ Kxb6 55. Rxg5 a5 56. Rf5 a4 57. g5 a3 58. h6 Bxh6 59. gxh6
a2 60. Rf1 Ra7 61. Ra1 Kc5 62. Kd2 Kd4 63. Kc2 c5 64. Kd2 c4 65. dxc4 Kxc4 66.
Kc2 Kd4 67. Kb2 Kxe4 68. Rxa2 Rh7 69. Ra4+ Kf5 70. Ra6 Kf4 71. Kc3 Ke3 72. Kc4
e4 73. Re6 Rd7 74. Re5 Rd8 75. h7 Kf4 76. Rh5 Rh8 77. Kc3 e3 78. Kd3 Kf3 79.
Rh3+ Kg2 80. Rxe3 Rxh7 81. Re2+ Kg3 82. Re3+ Kf4 83. Re4+ Kf5 84. Ke3 Rh3+ 85.
Kd4 1/2-1/2

[Event "New Zealand Major Open 2016"]
[Site "Devonport, Auckland NZL"]
[Date "2016.01.08"]
[Round "7.22"]
[White "Zhang, Leo Li Ao"]
[Black "Qin, Nicole Shu Yu"]
[Result "1/2-1/2"]
[WhiteElo "1361"]
[BlackElo "1329"]
[PlyCount "123"]
[EventDate "2016.01.02"]

1. d4 e6 2. Nf3 Nf6 3. Bf4 c5 4. c3 b6 5. e3 Bb7 6. Nbd2 Be7 7. Bd3 Nc6 8. h3
O-O 9. O-O h6 10. Re1 Re8 11. Qc2 cxd4 12. exd4 Bf8 13. Ne4 Nxe4 14. Bxe4 f5
15. Bd3 Ne7 16. Be2 Nd5 17. Bh2 Nf6 18. Red1 d5 19. Ne5 Bd6 20. Bb5 Rf8 21. Bc6
Bxc6 22. Nxc6 Bxh2+ 23. Kxh2 Qc7+ 24. Ne5 Nd7 25. f4 Nxe5 26. fxe5 Qe7 27. Rf1
Rf7 28. Rf3 Raf8 29. Raf1 Qc7 30. Qe2 Qb7 31. a4 a6 32. Ra1 Rc7 33. Ra3 Ra8 34.
Rb3 Qc6 35. Ra3 Rb7 36. Rf2 b5 37. axb5 Rxb5 38. Qc2 Rbb8 39. Qa4 Qc7 40. Rb3
Rxb3 41. Qxb3 g5 42. Qa2 f4 43. g3 fxg3+ 44. Kxg3 Kg7 45. Rf6 Qc6 46. Qa3 Qd7
47. Kg4 a5 48. Kh5 Qe8+ 49. Kg4 Qd7 50. Kh5 Qe8+ 51. Kg4 Qd7 52. h4 gxh4 53.
Kxh4 Qd8 54. Kg4 Ra6 55. Qa4 Ra7 56. Kh5 Rf7 57. Rxf7+ Kxf7 58. Kg4 Qg5+ 59.
Kf3 Qf5+ 60. Ke3 Qg5+ 61. Kd3 Qd8 62. Qd1 1/2-1/2

[Event "New Zealand Major Open 2016"]
[Site "Devonport, Auckland NZL"]
[Date "2016.01.08"]
[Round "7.24"]
[White "Fu, Alex"]
[Black "Oka, Itsuki"]
[Result "1-0"]
[WhiteElo "1034"]
[BlackElo "362"]
[PlyCount "81"]
[EventDate "2016.01.02"]

1. d4 Nf6 2. c4 g6 3. Nc3 Bg7 4. e3 d5 5. Nf3 Nc6 6. h3 Ne4 7. Nxd5 Be6 8. Nf4
g5 9. Nh5 O-O 10. Nxg7 Kxg7 11. d5 Bxd5 12. cxd5 Qxd5 13. Qxd5 Nd6 14. Qd2 f6
15. Nd4 Nxd4 16. Qxd4 Rfd8 17. Qd2 Ne4 18. Qc2 Nd6 19. Bd3 Rh8 20. O-O Rac8 21.
b4 a6 22. a4 b5 23. Bb2 c6 24. e4 e5 25. Qc5 Rhd8 26. Qe3 Nc4 27. Bxc4 bxc4 28.
Rfd1 Re8 29. Rd6 Red8 30. Rad1 Rxd6 31. Rxd6 h6 32. Qc5 Re8 33. Qxc6 Rf8 34.
Qxa6 h5 35. Qxc4 Kg6 36. Bxe5 h4 37. Qc6 Kh5 38. g4+ Kh6 39. Rxf6+ Rxf6 40.
Qxf6+ Kh7 41. Qg7# 1-0

[Event "New Zealand Major Open 2016"]
[Site "Devonport, Auckland NZL"]
[Date "2016.01.08"]
[Round "7.25"]
[White "Nylund, Timothy"]
[Black "Oka, Tsukasa"]
[Result "0-1"]
[WhiteElo "1400"]
[BlackElo "599"]
[PlyCount "90"]
[EventDate "2016.01.02"]

1. c4 e5 2. e3 Nf6 3. d4 exd4 4. exd4 d5 5. Nc3 Be6 6. cxd5 Nxd5 7. Nge2 Bb4 8.
g3 Bg4 9. Bd2 Nc6 10. Bg2 Bxc3 11. bxc3 Nf6 12. Qa4 O-O 13. Bxc6 bxc6 14. Qxc6
Qe7 15. Be3 Rfe8 16. Nf4 Rab8 17. O-O Rb6 18. Qa4 Rb7 19. d5 Qe4 20. Qxe4 Rxe4
21. Rab1 Rxb1 22. Rxb1 h6 23. Bxa7 g5 24. h3 gxf4 25. hxg4 fxg3 26. fxg3 Nxd5
27. Bd4 Rxg4 28. Rb8+ Kh7 29. Rh8+ Kg6 30. Rg8+ Kh5 31. Rxg4 Kxg4 32. Be5 f6
33. Bf4 Nxf4 34. gxf4 Kxf4 35. a4 Ke5 36. a5 Kd6 37. a6 Kc6 38. a7 Kb7 39.
a8=Q+ Kxa8 40. Kg2 Kb7 41. Kg3 Kb6 42. Kg4 Kb5 43. Kh5 Kc4 44. Kxh6 Kxc3 45.
Kg6 c5 0-1